Tìm lại làng Việt xưa

Phác thảo kinh tế cổ truyền của người Việt. Quá trình hình thành làng xã qua các thời kỳ lịch sử. Tìm hiểu thuật ngữ khoán ước, hương ước, dòng họ, gia phả

Gorde:
Xehetasun bibliografikoak
Egile nagusia: Vũ, Duy Mền
Formatua: Liburua
Hizkuntza:Undetermined
Argitaratua: Hà Nội Khoa học Xã hội 2018
Gaiak:
Etiketak: Etiketa erantsi
Etiketarik gabe, Izan zaitez lehena erregistro honi etiketa jartzen!
Thư viện lưu trữ: Trung tâm Học liệu Trường Đại học Cần Thơ
LEADER 00822nam a2200217Ia 4500
001 CTU_238686
008 210402s9999 xx 000 0 und d
020 |c 239000 
082 |a 305.895922 
082 |b M254 
100 |a Vũ, Duy Mền 
245 0 |a Tìm lại làng Việt xưa 
245 0 |c Vũ Duy Mền 
260 |a Hà Nội 
260 |b Khoa học Xã hội 
260 |c 2018 
520 |a Phác thảo kinh tế cổ truyền của người Việt. Quá trình hình thành làng xã qua các thời kỳ lịch sử. Tìm hiểu thuật ngữ khoán ước, hương ước, dòng họ, gia phả 
650 |a Culture,Văn hóa 
650 |z Vietnam,Việt Nam 
904 |i Hải 
980 |a Trung tâm Học liệu Trường Đại học Cần Thơ